Managing for results : economic tasks and risk-taking decisions /

Salvato in:
Dettagli Bibliografici
Autore principale: Drucker, Peter F. 1909-
Natura: Libro
Lingua:English
Pubblicazione: Oxford : Butterworth-Heinemann, 1999.
Soggetti:
Tags: Aggiungi Tag
Nessun Tag, puoi essere il primo ad aggiungerne! !
Thư viện lưu trữ: Mạng thư viện Đại học Đà Nẵng
LEADER 00846cam a2200313 i 4500
001 000046150
003 5602
005 20030326110133.0
008 010220|1999 vm 000 eng
020 |a 0750643919 (pbk.) 
040 |a IRC  |c IRC  |d IRC 
041 0 |a eng 
082 1 4 |a 658  |b DR-P 
100 1 |a Drucker, Peter F.  |q (Peter Ferdinand),  |d 1909- 
245 0 0 |a Managing for results :  |b economic tasks and risk-taking decisions /  |c Peter F. (Peter Ferdinand) Drucker. 
260 |a Oxford :  |b Butterworth-Heinemann,  |c 1999. 
300 |a xi, 224p. 
630 0 4 |a Management. 
650 0 4 |a Management. 
OWN |a DUT 
999 |a From the UDN01 
TYP |a Monograph 
TYP |a Printed language 
980 |a Mạng thư viện Đại học Đà Nẵng